000 nam a22 7a 4500
999 _c127370
_d127370
008 180112b xxu||||| |||| 00| 0 eng d
050 _aBL2610.E45
100 _aEliade, Mircea
_917672
245 _aReligions Australiennes
_cMircea Eliade
260 _aParis
_bBoulevard Saint-Germain
_c1972
300 _a200p. ;
_c18cm.
440 _aReligions primitives
_n1
_938428
650 _aAustralia
_xReligion
_938429
650 _aMythology, Australia
_938430
700 _aJospin, L
_etr.
_938467
942 _2lcc
_cMONOGRAPH